| 000 | 01393nmc a2200397 a 4500 | ||
|---|---|---|---|
| 003 | AR-BaBNM | ||
| 005 | 20251128211003.0 | ||
| 008 | 242020s2001 ||||||||||||||000 | spa|| | ||
| 020 | _a84-7112-457-2 | ||
| 040 | _cAR-BaBNM | ||
| 245 | 1 | 0 |
_aEl proyecto Spectrum _nTomo 2 |
| 260 |
_aMadrid _bEdiciones Morata _c2001 _bMinisterio de Educación, Cultura y Deporte |
||
| 300 | 0 |
_a262 p. _bgráfs. |
|
| 490 | 0 |
_aPedagogía. Educación infantil y primaria _vv. 35 |
|
| 500 | 0 | _aTraducción de Pablo Manzano | |
| 500 | 1 | _aContiene apéndices, glosario de siglas, tabla de los sistemas educativos de Estados Unidos y España e índice de autores y materias | |
| 504 | _aContiene bibliografía al final de cada capítulo | ||
| 650 | 4 | _aPROCESO DE APRENDIZAJE | |
| 650 | 4 | _aPSICOLOGIA DE LA EDUCACION | |
| 650 | 4 | _aINTELIGENCIA | |
| 650 | 4 | _aTEORIA DE LA INTELIGENCIA | |
| 650 | 4 | _aACTIVIDADES DE APRENDIZAJE | |
| 650 | 4 | _aJUEGOS EDUCATIVOS | |
| 653 | _aPROYECTOS CURRICULARES | ||
| 653 | _aINNOVACIONES EDUCATIVAS | ||
| 653 | _aESTRATEGIAS DIDACTICAS | ||
| 653 | _aEDUCACION INICIAL | ||
| 700 | 1 |
_aGardner, Howard _ecompilador |
|
| 700 | 1 |
_aFeldman, David Henry _ecompilador |
|
| 700 | 1 |
_aKrechevsky, Mara _ecompilador |
|
| 700 | 1 |
_aChen, Jie-Qi _eeditor |
|
| 700 | 1 |
_aIsberg, Emily _ecolaborador |
|
| 700 | 1 |
_aManzano, Pablo _etraductor |
|
| 942 | _cBK | ||
| 998 | _craquel | ||
| 999 |
_c17767 _d17767 |
||